Precalculus : (Record no. 592395)
[ view plain ]
| 000 -LEADER | |
|---|---|
| fixed length control field | 01325cam a2200277 a 4500 |
| 001 - CONTROL NUMBER | |
| control field | 14285617 |
| 003 - CONTROL NUMBER IDENTIFIER | |
| control field | NUST |
| 005 - DATE AND TIME OF LATEST TRANSACTION | |
| control field | 20221118154038.0 |
| 008 - FIXED-LENGTH DATA ELEMENTS--GENERAL INFORMATION | |
| fixed length control field | 060303s2006 cau 001 0 eng |
| 010 ## - LIBRARY OF CONGRESS CONTROL NUMBER | |
| LC control number | 2006272692 |
| 020 ## - INTERNATIONAL STANDARD BOOK NUMBER | |
| International Standard Book Number | 978-0-495-55497-9 |
| 040 ## - CATALOGING SOURCE | |
| Original cataloging agency | DLC |
| Transcribing agency | DLC |
| 050 00 - LIBRARY OF CONGRESS CALL NUMBER | |
| Classification number | QA39.3 |
| Item number | .S74 2006 |
| 082 ## - DEWEY DECIMAL CLASSIFICATION NUMBER | |
| Classification number | 515.25,STE |
| 100 1# - MAIN ENTRY--PERSONAL NAME | |
| Personal name | Stewart, James, |
| Dates associated with a name | 1941- |
| 9 (RLIN) | 14812 |
| 245 10 - TITLE STATEMENT | |
| Title | Precalculus : |
| Remainder of title | mathematics for calculus / |
| Statement of responsibility, etc. | James Stewart, Lothar Redlin, Saleem Watson. |
| 250 ## - EDITION STATEMENT | |
| Edition statement | 5th ed. |
| 260 ## - PUBLICATION, DISTRIBUTION, ETC. | |
| Place of publication, distribution, etc. | Belmont, CA : |
| Name of publisher, distributor, etc. | Thomson Brooks/Cole, |
| Date of publication, distribution, etc. | c2006. |
| 300 ## - PHYSICAL DESCRIPTION | |
| Extent | 1 v. (various pagings) ; |
| Dimensions | 26 cm. + |
| Accompanying material | 1 CD-ROM (4 3/4 in.) |
| 505 ## - FORMATTED CONTENTS NOTE | |
| Formatted contents note | Fundamentals (page-1), Functions (Page-146), Polynomial and Rational Functions (Page-248), Exponential and Logarithmic Functions (Page-326), Trigonometric Functions of Real Numbers (Page-398), Trigonometric Functions of Angles (Page-466), Analytic Trigonometry (Page-526), Polar Coordinates and Vectors (Page-580), Systems of Equations and Inequalities (Page-634), Analytic Geometry (Page-742), Sequences and Series (Page-820), Limits: A Preview of Calculus (Page-880). |
| 650 #0 - SUBJECT ADDED ENTRY--TOPICAL TERM | |
| Topical term or geographic name entry element | Mathematics |
| Form subdivision | Textbooks. |
| 9 (RLIN) | 35909 |
| 650 #0 - SUBJECT ADDED ENTRY--TOPICAL TERM | |
| Topical term or geographic name entry element | Precalculus |
| Form subdivision | Textbooks. |
| 9 (RLIN) | 103093 |
| 700 1# - ADDED ENTRY--PERSONAL NAME | |
| Personal name | Redlin, L. |
| 9 (RLIN) | 103094 |
| 700 1# - ADDED ENTRY--PERSONAL NAME | |
| Personal name | Watson, Saleem. |
| 9 (RLIN) | 103095 |
| 942 ## - ADDED ENTRY ELEMENTS (KOHA) | |
| Source of classification or shelving scheme | |
| Koha item type | Book |
| Call number prefix | 515.25,STE |
| Withdrawn status | Lost status | Source of classification or shelving scheme | Damaged status | Not for loan | Permanent Location | Current Location | Shelving location | Date acquired | Total Checkouts | Full call number | Barcode | Date last seen | Price effective from | Koha item type | Public note |
|---|---|---|---|---|---|---|---|---|---|---|---|---|---|---|---|
| Military College of Signals (MCS) | Military College of Signals (MCS) | General Stacks | 11/18/2022 | 515.25,STE | MCS37866 | 11/18/2022 | 11/18/2022 | Book | Almirah No.13, Shelf No.3 |
